1970's British Films: Screenshots - Statistics

General Stats
  • This quiz has been taken 648 times
  • The average score is 8 of 16
Answer Stats
Picture Hint Answer % Correct
1978 Watership Down
87%
1979 Monty Python's Life Of Brian
83%
1975 Monty Python and the Holy Grail
81%
1973 The Wicker Man
80%
1974 Murder On The Orient Express
78%
1970 The Railway Children
72%
1971 Get Carter
62%
1979 Quadrophenia
50%
1977 The Spy Who Loved Me
45%
1976 The Man Who Fell To Earth
42%
1979 Scum
31%
1972 Carry On Abroad
30%
1975 Barry Lyndon
28%
1971 The Go-Between
17%
1970 The Rise and Rise Of Michael Rimmer
5%
1975 Slade In Flame
4%
No matching quizzes found
Score Distribution
Percent of People with Each Score
Percentile by Number Answered
Your Score History
You have not taken this quiz